Rules for writers (Record no. 12930)

000 -LEADER
fixed length control field 00949cam a2200289 a 4500
001 - CONTROL NUMBER
control field 13080975
005 - DATE AND TIME OF LATEST TRANSACTION
control field 20170105102411.0
008 - FIXED-LENGTH DATA ELEMENTS--GENERAL INFORMATION
fixed length control field 030204s2004 mau 001 0 eng
010 ## - LIBRARY OF CONGRESS CONTROL NUMBER
LC control number 2003101699
020 ## - INTERNATIONAL STANDARD BOOK NUMBER
International Standard Book Number 0312406851 (pbk.)
035 ## - SYSTEM CONTROL NUMBER
System control number (DLC) 2003101699
040 ## - CATALOGING SOURCE
Original cataloging agency DLC
Transcribing agency DLC
Modifying agency DLC
050 00 - LIBRARY OF CONGRESS CALL NUMBER
Classification number PE1408
Item number .H277 2004
082 ## - DEWEY DECIMAL CLASSIFICATION NUMBER
Classification number 808.042 HAC
100 1# - MAIN ENTRY--PERSONAL NAME
Personal name Hacker, Diana,
Dates associated with a name 1942-2004.
245 10 - TITLE STATEMENT
Title Rules for writers
Statement of responsibility, etc. Diana Hacker.
250 ## - EDITION STATEMENT
Edition statement 5th ed.
260 ## - PUBLICATION, DISTRIBUTION, ETC.
Place of publication, distribution, etc. Boston :
Name of publisher, distributor, etc. Bedford/St. Martin's,
Date of publication, distribution, etc. c2004.
300 ## - PHYSICAL DESCRIPTION
Extent xxxiv, 585 p. ;
Dimensions 21 cm.
500 ## - GENERAL NOTE
General note Includes index.
650 #0 - SUBJECT ADDED ENTRY--TOPICAL TERM
Topical term or geographic name entry element English language
General subdivision Rhetoric
Form subdivision Handbooks, manuals, etc.
650 #0 - SUBJECT ADDED ENTRY--TOPICAL TERM
Topical term or geographic name entry element English language
General subdivision Grammar
Form subdivision Handbooks, manuals, etc.
650 #0 - SUBJECT ADDED ENTRY--TOPICAL TERM
Topical term or geographic name entry element Report writing
Form subdivision Handbooks, manuals, etc.
906 ## - LOCAL DATA ELEMENT F, LDF (RLIN)
a 7
b cbc
c orignew
d 3
e epcn
f 20
g y-gencatlg
942 ## - ADDED ENTRY ELEMENTS (KOHA)
Source of classification or shelving scheme
Koha item type Book
Holdings
Withdrawn status Lost status Damaged status Not for loan Collection code Permanent Location Current Location Shelving location Date acquired Source of acquisition Cost, normal purchase price Total Checkouts Total Renewals Full call number Barcode Checked out Date last seen Date last checked out Price effective from Koha item type
          Central Library (CL) Central Library (CL) General Stacks 08/22/2005 Progressive International Agencies 1791.97 3 2 808.042 HAC SEECS006355 02/11/2026 01/12/2026 01/12/2026 10/07/2014 Book
© 2023 Central Library, National University of Sciences and Technology. All Rights Reserved.